000 00272nam a2200109Ia 4500
008 200302s9999 xx 000 0 und d
100 _aAlan Phillips
245 _aThe Best in Lobby Design Hotels & Offices
260 _bRotovision Sa Inc.
260 _c1991
300 _a224 P.,
999 _c897
_d897